| 000 | 00401nam a2200133Ia 4500 | ||
|---|---|---|---|
| 005 | 20260328104345.0 | ||
| 008 | 260328s9999||||xx |||||||||||||| ||und|| | ||
| 100 | _aGiardini, Ana Paula | ||
| 245 | 0 |
_a50 Años diseñando el Futuro : _b Facultad de Arquitectura y Urbanismo PUC-Campinas / _cAna Paula Giardini |
|
| 260 | _bSplendet | ||
| 300 | _a238 p. | ||
| 650 | _aLABORATORIO DE HABITAD | ||
| 942 | _cBK | ||
| 999 |
_c12269 _d12269 |
||